000 00633cam a2200229 4500
001 J3702
008 090401t1996 xxu||||| |||| 00| 0 eng d
035 _a(Sirsi) u56564
041 _aeng
050 _a306.109421
110 _aLondon Research Centre
_93277
245 _aLondon house prices quarterly bulletin - No. 1 (4th quarter 1986) - No. 41 (4th quarter 1996)
260 _aLondon
_bLondon Research Centre
_c1996
300 _a41 pt. in one volume ; 30cm.
350 _a0
520 _aPublished quarterly.
650 _aHOUSE PRICES
650 _aLONDON
690 _aHOUSING
942 _n0
948 _c04/03/1997
999 _c93809
_d93809